LEADER 01367nam a2200277 4500 001 000000359048 003 CaOOAMICUS 005 20240723143900.0 008 240723s2002 it a 000 u mul r 020 $a88-8334-061-2 040 $aSeMil$bita 245 00$aArt, cérémonial et liturgie au Moyen Âge :$bactes du colloque de 3e Cycle romand de lettres Lausanne-Fribourg, 24-25 mars, 14-15 avril, 12-13 mai 2000 /$csous la direction de Nicolas Bock ... [et al.]. 264 1$aRoma :$bViella,$c2002. 300 $a612 p. :$bill. ;$c24 cm 490 1 $aI libri di Viella. Arte 546 $aTesti in francese e tedesco 650 4$aLiturgia - Medioevo.$0(OLS)http://semarc/subject/50755 650 4$aArte medievale.$0(OLS)http://semarc/subject/9366 700 1 $aBock, Nicolas.$0(OLS)http://semarc/name/120020 830 2$aI libri di Viella. Arte.$0(OLS)http://semarc/title/401897 850 $aSeMil 852 $aSeMil$W1$xVenegono$y1$m3K V 447$j249567$B250104$CSeMilBibl$Z2$F250104 $81 996 $6020$a88-8334-061-2$9(OLS)http://semarc/number/300803 996 $6245$aArt, cérémonial et liturgie au Moyen Âge :$bactes du colloque de 3e Cycle romand de lettres Lausanne-Fribourg, 24-25 mars, 14-15 avril, 12-13 mai 2000$9(OLS)http://semarc/title/449469 996 $6264$aRoma :$bViella$9(OLS)http://semarc/publisher/31796 LEADER 00682naa a2200145 i 4500 001 000000299255 003 CaOOAMICUS 005 20180831172640.0 008 180831n xx u000 u und u 013 $a6893 040 $aSeMil$bita 100 1 $aEynde, Sabine : van den.$0(OLS)http://semarc/name/86050 245 10$aChildren of the Promise :$bon the DIATHEKE-Promise to Abraham in Lk 1,72 and Acts 3,25. 773 0 $tUnity of Luke-Acts.$dLeuven : University Press, 1999.$kBibliotheca Ephemeridum Theologicarum Lovaniensium$z90-6186-955-2$z90-429-0762-2$w()71624 996 $6245$aChildren of the Promise :$bon the DIATHEKE-Promise to Abraham in Lk 1,72 and Acts 3,25$9(OLS)http://semarc/title/375276